000 00413nam a2200157 4500
001 44727
090 _a44727
100 _a20250905 pory50
101 _aesp
102 _aESP
200 _aLazarilho de Tormes
_esegunda parte de Juan de Luna
_fanĂ³nimo
_gprol. Juan Alcina Franch
210 _aBarcelona
_cEditorial Juventud
_d[1967]
215 _a192 p.
675 _a821.134.2-9
801 _aPT
_gRPC
990 _cLIVROS